LEADER 01097nam--2200373---450- 001 990006004600203316 005 20150204143320.0 010 $a88-85852-11-4 035 $a000600460 035 $aUSA01000600460 035 $a(ALEPH)000600460USA01 035 $a000600460 100 $a20150204d1991----km-y0itay50------ba 101 $aita 102 $aIT 105 $a||||||||001yy 200 1 $a<> fatica muscolare e neuronale$efattori biochimici, metabolici e neurofisiologici$fa cura di guglielmo Antonutto 210 $aMilano$cPythagora press$d1991 215 $aXVIII, 265 p.$d21 cm 410 0$12001 454 1$12001 461 1$1001-------$12001 606 0 $aFatica fisica$2BNCF 676 $a612.744 702 1$aANTONUTTO,$bGuglielmo 801 0$aIT$bsalbc$gISBD 912 $a990006004600203316 951 $a612.744 FAT 1$b2209 Med.$c612.744 FAT$d366601 959 $aBK 969 $aMED 979 $aFIORELLA$b90$c20150204$lUSA01$h1430 979 $aFIORELLA$b90$c20150204$lUSA01$h1433 996 $aFatica muscolare e neuronale$91078725 997 $aUNISA LEADER 01339nam--2200397---450 001 990000893410203316 005 20200610074901.0 035 $a0089341 035 $aUSA010089341 035 $a(ALEPH)000089341USA01 035 $a0089341 100 $a20020122d1987----km-y0itay0103----ba 101 $aita 102 $aIT 105 $a||||||||001yy 200 1 $aSBN e reti di automazione bibliotecaria$eesperienze internazionali a confronto$fa cura di Giuliana Bassi, Nadia Borsi, Lucia Ravaioli 210 $aBologna$cAnalisi$dc1987 215 $a221 p.$d24 cm 225 2 $aEmilia-Romagna biblioteche, archivi$v8 300 $aRelazioni presentate al Convegno internazionale tenuto a Ravenna nel 1986 410 $12001$aEmilia-Romagna biblioteche, archivi$v8 461 1$1001-------$12001 606 0 $aServizio bibliotecario nazionale$xCongressi$z1986 606 0 $aBiblioteche$xAutomazione$xCongressi$z1986 606 0 $aBiblioteche$xCooperazione$xCongressi$z1986 676 $a021.640945 702 1$aBASSI,$bGiuliana 702 1$aBORSI,$bNadia 702 1$aRAVAIOLI,$bLucia 801 0$aIT$bsalbc$gISBD 912 $a990000893410203316 951 $aI.2.B. 77 (XIII B 88)$b107037 L.M.$cXIII B 959 $aBK 969 $aUMA 996 $aSBN e reti di automazione bibliotecaria$9970132 997 $aUNISA